[Event "Mauricie op"]
[Site "Trois-Rivieres CAN"]
[Date "1994.03.20"]
[Round "4"]
[White "Lesiege, Alexandre"]
[Black "Hergott, Deen"]
[Result "1-0"]
[WhiteElo "2478"]
[BlackElo "2327"]
[WhiteFideId "-1"]
[WhiteFideId "-1"]
[PlyCount "97"]
[GameId "2160767912219333"]
[EventDate "1994.03.17"]
[EventType "swiss"]
[EventRounds "5"]
[EventCountry "CAN"]
[SourceTitle "Echec+ 1994.07"]

1. c4 Nf6 2. d4 g6 3. Nc3 Bg7 4. e4 d6 5. Nf3 O-O 6. Be2 e5 7. O-O exd4 8. Nxd4 Re8 9. f3 c6 10. Kh1 Nh5 11. g4 Nf6 12. Be3 h5 13. g5 Nh7 14. h4 Qd7 15. Rf2 Be5 16. Qd2 Qh3+ 17. Kg1 Bg3 18. Rg2 Qxh4 19. Bf1 Bh3 20. Rh2 Bxh2+ 21. Qxh2 Nxg5 22. Kh1 Nd7 23. Bxg5 Qxg5 24. Bxh3 Nf6 25. Rg1 Qe5 26. Qd2 Rad8 27. Nf5 d5 28. cxd5 cxd5 29. Qh6 Ng4 30. fxg4 hxg4 31. Bxg4 Qh8 32. exd5 Qxh6+ 33. Nxh6+ Kg7 34. Nxf7 Kxf7 35. Be6+ Kf6 36. Rf1+ Ke5 37. Rf7 Rf8 38. Rxb7 Rf2 39. Kg1 Rc2 40. Bh3 Rh8 41. Bg2 Rc1+ 42. Kf2 Rf8+ 43. Kg3 Rf5 44. Re7+ Kd6 45. Re6+ Kc5 46. Rxg6 Rc2 47. Rc6+ Kb4 48. Be4 Rg5+ 49. Kf4 1-0

[Event "Carnaval"]
[Site "Quebec CAN"]
[Date "1994.02.06"]
[Round "4"]
[White "Hebert, Jean"]
[Black "Lesiege, Alexandre"]
[Result "1-0"]
[WhiteElo "2485"]
[BlackElo "2473"]
[WhiteFideId "-1"]
[WhiteFideId "-1"]
[PlyCount "171"]
[GameId "2160767912227674"]
[EventDate "1994.02.04"]
[EventType "swiss"]
[EventRounds "5"]
[EventCountry "CAN"]
[SourceTitle "EXT 2022"]
[Source "ChessBase"]
[SourceDate "2021.10.06"]
[SourceVersion "1"]
[SourceVersionDate "2021.10.06"]
[SourceQuality "1"]

1. Nf3 c5 2. c4 Nf6 3. Nc3 Nc6 4. g3 d5 5. cxd5 Nxd5 6. Bg2 g6 7. Qb3 Nb6 8. d3 Bg7 9. Be3 Nd4 10. Bxd4 cxd4 11. Ne4 Be6 12. Qa3 O-O 13. h4 h6 14. O-O Bd5 15. Rac1 Re8 16. Nfd2 Bf8 17. Qa5 Kg7 18. f4 f5 19. Nc5 e5 20. Nxb7 Qd7 21. Bxd5 Nxd5 22. Nc5 Qf7 23. fxe5 Rxe5 24. Nf3 Rxe2 25. Nxd4 Re3 26. Nce6+ Rxe6 27. Qxd5 Ree8 28. Qxf7+ Kxf7 29. h5 Rad8 30. hxg6+ Kxg6 31. Rc6+ Kh7 32. Nxf5 Rxd3 33. Rf2 Rd5 34. Kg2 a5 35. Kh3 Rde5 36. Rc7+ Kg8 37. b3 R8e6 38. Nh4 Bd6 39. Rc8+ Re8 40. Rxe8+ Rxe8 41. Nf5 Bf8 42. Kg4 Kh7 43. Rc2 Re6 44. Kh5 Rf6 45. Rc7+ Kg8 46. g4 Ra6 47. Ne7+ Bxe7 48. Rxe7 Kh8 49. Rc7 Kg8 50. Rb7 Kh8 51. a3 Kg8 52. a4 Kh8 53. g5 hxg5 54. Kxg5 Kg8 55. Kf5 Kf8 56. Ke5 Ke8 57. Kd5 Kd8 58. Kc5 Kc8 59. Rb6 Ra7 60. Kb5 Kd7 61. Ra6 Rb7+ 62. Rb6 Ra7 63. Kc5 Kc8 64. Kc6 Rc7+ 65. Kb5 Ra7 66. Rc6+ Kd7 67. Kb6 Ra8 68. Kb7 Rh8 69. Rc5 Rh3 70. Rb5 Kd6 71. Kb6 Rg3 72. Kxa5 Kc6 73. b4 Kc7 74. Rh5 Rg6 75. Rh7+ Kb8 76. b5 Rg4 77. Ka6 Rg6+ 78. b6 Rg8 79. a5 Rf8 80. Re7 Rh8 81. Re5 Rg8 82. Kb5 Rh8 83. a6 Rg8 84. Rd5 Rc8 85. a7+ Ka8 86. Ka6 1-0

[Event "Pere Noel"]
[Site "Montreal CAN"]
[Date "1993.12.26"]
[Round "1"]
[White "Fillion, Steve"]
[Black "Lesiege, Alexandre"]
[Result "0-1"]
[WhiteElo "1942"]
[BlackElo "2467"]
[WhiteFideId "-1"]
[WhiteFideId "-1"]
[PlyCount "80"]
[GameId "2160767912261439"]
[EventDate "1993.12.26"]
[EventType "swiss"]
[EventRounds "5"]
[EventCountry "CAN"]
[SourceTitle "hb 2013"]

1. Nf3 c5 2. c4 Nf6 3. e3 g6 4. Nc3 Bg7 5. d4 O-O 6. Be2 d6 7. O-O Bf5 8. b3 Nc6 9. Bb2 Ne4 10. Nxe4 Bxe4 11. Qd2 e5 12. dxc5 dxc5 13. Qxd8 Rfxd8 14. Rfd1 Bc2 15. Rxd8+ Rxd8 16. Rc1 Bd3 17. Bxd3 Rxd3 18. Kf1 Rd6 19. Ne1 e4 20. Bxg7 Kxg7 21. Ke2 Ne5 22. h3 Ra6 23. Rc2 Nc6 24. Rd2 Ra3 25. f3 Nb4 26. fxe4 Nxa2 27. Rb2 Nb4 28. Nd3 Nxd3 29. Kxd3 a5 30. Ke2 Kf6 31. Kf3 Ke5 32. Rb1 b6 33. Rb2 Ra1 34. Rd2 Rf1+ 35. Kg4 Rb1 36. Rd7 Ke6 37. Rd3 Ra1 38. Kf4 f6 39. Kf3 Ra3 40. Ke2 g5 0-1

[Event "Pere Noel"]
[Site "Montreal CAN"]
[Date "1993.12.27"]
[Round "2"]
[White "Lesiege, Alexandre"]
[Black "Moussa, Alaa Eddine"]
[Result "1-0"]
[WhiteElo "2467"]
[BlackElo "2051"]
[WhiteFideId "-1"]
[WhiteFideId "-1"]
[PlyCount "55"]
[GameId "2160767912261450"]
[EventDate "1993.12.26"]
[EventType "swiss"]
[EventRounds "5"]
[EventCountry "CAN"]
[SourceTitle "hb 2013"]

1. d4 Nf6 2. c4 e6 3. Nc3 Bb4 4. e3 O-O 5. Bd3 c5 6. Nf3 d5 7. O-O Bxc3 8. bxc3 dxc4 9. Bxc4 Qc7 10. Bd3 Nbd7 11. e4 e5 12. Bg5 Qc6 13. Re1 Re8 14. Rc1 c4 15. Bb1 b5 16. Bh4 Bb7 17. Bg3 Rad8 18. Qc2 exd4 19. Nxd4 Qc5 20. f3 Ne5 21. Qb2 Nd3 22. Bxd3 cxd3 23. Red1 Qc4 24. Qd2 b4 25. Qxd3 Qxa2 26. cxb4 Nxe4 27. fxe4 Bxe4 28. Qe2 1-0

[Event "Pere Noel"]
[Site "Montreal CAN"]
[Date "1993.12.28"]
[Round "3"]
[White "Beregovoy, Alexander"]
[Black "Lesiege, Alexandre"]
[Result "1/2-1/2"]
[WhiteElo "2311"]
[BlackElo "2467"]
[WhiteFideId "-1"]
[WhiteFideId "-1"]
[PlyCount "106"]
[GameId "2160767912261460"]
[EventDate "1993.12.26"]
[EventType "swiss"]
[EventRounds "5"]
[EventCountry "CAN"]
[SourceTitle "hb 2013"]

1. d4 Nf6 2. Nf3 d5 3. e3 Bg4 4. c4 Bxf3 5. gxf3 c6 6. Qb3 Qc7 7. Nc3 e6 8. Bd2 Nbd7 9. Rc1 Rc8 10. cxd5 Nxd5 11. Nxd5 exd5 12. Bh3 Bd6 13. Bb4 Rb8 14. Qa3 Bxb4+ 15. Qxb4 a5 16. Bxd7+ Kxd7 17. Qc3 Rhe8 18. Qd3 Qf4 19. Ke2 Re6 20. Rcg1 g6 21. Rg3 Qd6 22. Kd2 Rbe8 23. Kc2 h5 24. Kb1 Rf6 25. f4 Qe6 26. h4 Rf5 27. Rc1 Qe4 28. Qxe4 Rxe4 29. Kc2 Kd6 30. Kd3 b6 31. f3 Re8 32. Rg5 Rxg5 33. fxg5 c5 34. e4 c4+ 35. Ke3 b5 36. Rc2 b4 37. Rc1 a4 38. Rb1 Rf8 39. Kd2 Kc6 40. Ke3 Re8 41. Kf4 Re7 42. Rc1 Kb5 43. exd5 Re2 44. d6 Re6 45. d5 Re8 46. d7 Rd8 47. Ke5 Kc5 48. d6 Rxd7 49. Rd1 c3 50. Rd5+ Kc4 51. Rd4+ Kb5 52. Rd5+ Kc4 53. Rd4+ Kb5 1/2-1/2

[Event "Pere Noel"]
[Site "Montreal CAN"]
[Date "1993.12.29"]
[Round "4"]
[White "Lesiege, Alexandre"]
[Black "Barbeau, Sylvain"]
[Result "1-0"]
[WhiteElo "2467"]
[BlackElo "2345"]
[WhiteFideId "-1"]
[WhiteFideId "-1"]
[PlyCount "93"]
[GameId "2160767912261477"]
[EventDate "1993.12.26"]
[EventType "swiss"]
[EventRounds "5"]
[EventCountry "CAN"]
[SourceTitle "hb 2013"]

1. d4 c5 2. d5 e5 3. e4 d6 4. Nc3 Be7 5. Nf3 Nf6 6. Bb5+ Nbd7 7. a4 O-O 8. O-O Ne8 9. Nd2 Bg5 10. g3 g6 11. f4 exf4 12. gxf4 Bh6 13. Nc4 a6 14. Bxd7 Bxd7 15. f5 Bxc1 16. Qxc1 b5 17. Nxd6 Nxd6 18. f6 Kh8 19. e5 b4 20. exd6 bxc3 21. Qg5 cxb2 22. Rae1 Re8 23. Rb1 Re4 24. Qh6 Qf8 25. Qxf8+ Rxf8 26. Rxb2 Rg4+ 27. Kf2 Rf4+ 28. Kg1 Rxf1+ 29. Kxf1 Bxa4 30. c4 Rd8 31. Ke2 Bd7 32. Kd3 a5 33. Rb7 g5 34. Rc7 h5 35. Rxc5 a4 36. Ra5 Bf5+ 37. Kd4 g4 38. Rxa4 h4 39. c5 g3 40. hxg3 hxg3 41. c6 Kh7 42. Ke5 Kg6 43. d7 Kg5 44. Ra3 Bxd7 45. cxd7 Kg4 46. Kd6 g2 47. Ra1 1-0

[Event "Pere Noel"]
[Site "Montreal CAN"]
[Date "1993.12.30"]
[Round "5"]
[White "Lesiege, Alexandre"]
[Black "Ibrahim, Anthony"]
[Result "1-0"]
[WhiteElo "2467"]
[BlackElo "2118"]
[WhiteFideId "-1"]
[WhiteFideId "-1"]
[PlyCount "65"]
[GameId "2160767912261490"]
[EventDate "1993.12.26"]
[EventType "swiss"]
[EventRounds "5"]
[EventCountry "CAN"]
[SourceTitle "Echec+ 1994.03"]

1. d4 Nf6 2. c4 g6 3. Nf3 Bg7 4. g3 O-O 5. Bg2 d6 6. O-O Nbd7 7. Nc3 e5 8. e4 c6 9. b3 Re8 10. h3 exd4 11. Nxd4 Nc5 12. Re1 a5 13. Bf4 Nh5 14. Be3 Nf6 15. Qc2 Qe7 16. Rad1 Bd7 17. Bf4 Nh5 18. Nxc6 Bxc6 19. Bxd6 Qf6 20. e5 Qe6 21. Nd5 Na6 22. g4 Bxd5 23. Bxd5 Qc8 24. gxh5 Qxh3 25. Qe4 Qxh5 26. Rd3 Nc5 27. Bxc5 Rxe5 28. Bxf7+ Kh8 29. Qxe5 Bxe5 30. Rxe5 Qg4+ 31. Kf1 Kg7 32. Re7 Kf6 33. Bd5 1-0

[Event "Montreal-ch"]
[Site "Montreal CAN"]
[Date "1993.09.05"]
[Round "2"]
[White "Delisle, Claude"]
[Black "Lesiege, Alexandre"]
[Result "1/2-1/2"]
[WhiteElo "2025"]
[BlackElo "2476"]
[WhiteFideId "-1"]
[WhiteFideId "-1"]
[PlyCount "20"]
[GameId "2160767912269984"]
[EventDate "1993.09.04"]
[EventType "swiss"]
[EventRounds "5"]
[EventCountry "CAN"]
[SourceTitle "EXT 2022"]
[Source "ChessBase"]
[SourceDate "2021.10.06"]
[SourceVersion "1"]
[SourceVersionDate "2021.10.06"]
[SourceQuality "1"]

1. e3 Nf6 2. b3 e5 3. Bb2 Nc6 4. Nf3 e4 5. Nd4 Nxd4 6. Bxd4 d5 7. c4 dxc4 8. Bxc4 Be7 9. Nc3 Bf5 10. f3 c6 1/2-1/2

[Event "Montreal-ch"]
[Site "Montreal CAN"]
[Date "1993.09.05"]
[Round "3"]
[White "Cossette, Daniel"]
[Black "Lesiege, Alexandre"]
[Result "0-1"]
[WhiteElo "2000"]
[BlackElo "2400"]
[WhiteFideId "-1"]
[WhiteFideId "-1"]
[PlyCount "122"]
[GameId "2160767912269987"]
[EventDate "1993.09.04"]
[EventType "swiss"]
[EventRounds "5"]
[EventCountry "CAN"]
[SourceTitle "EXT 2022"]
[Source "ChessBase"]
[SourceDate "2021.10.06"]
[SourceVersion "1"]
[SourceVersionDate "2021.10.06"]
[SourceQuality "1"]

1. e4 c5 2. Nc3 Nc6 3. g3 g6 4. Bg2 Bg7 5. d3 d6 6. f4 e6 7. Nf3 Nge7 8. O-O O-O 9. Be3 Nd4 10. e5 Nef5 11. Bf2 Nxf3+ 12. Qxf3 Nd4 13. Qd1 dxe5 14. fxe5 Bxe5 15. Ne4 f5 16. Nxc5 Qc7 17. b4 Qe7 18. Rc1 f4 19. c3 fxg3 20. Bxg3 Rxf1+ 21. Qxf1 Bxg3 22. hxg3 Nf5 23. Qf3 Qd6 24. Qf4 Qxf4 25. gxf4 Rb8 26. Re1 Kf7 27. Ne4 h6 28. Kf2 b6 29. a4 Bb7 30. Nd2 Bxg2 31. Kxg2 Rd8 32. Nc4 Kf6 33. Ne5 g5 34. fxg5+ hxg5 35. d4 Rc8 36. Ng4+ Kf7 37. Ne5+ Ke7 38. Rh1 Nh4+ 39. Kg3 Rxc3+ 40. Kg4 Kd6 41. Nf7+ Kd5 42. Nxg5 Nf5 43. Rh7 Nxd4 44. Rxa7 Rc4 45. Kg3 Rxb4 46. a5 b5 47. a6 Ra4 48. Nf3 Nxf3 49. Kxf3 b4 50. Ke3 Kc4 51. Ra8 Kb3 52. a7 Ka3 53. Kd2 b3 54. Kc3 Ka2 55. Rh8 Rxa7 56. Rh2+ Ka3 57. Rh1 Rc7+ 58. Kd2 b2 59. Rh8 b1=Q 60. Ra8+ Kb2 61. Rb8+ Ka1 0-1

[Event "Montreal-ch"]
[Site "Montreal CAN"]
[Date "1993.09.06"]
[Round "4"]
[White "Lesiege, Alexandre"]
[Black "Saint-Pierre, Benoit"]
[Result "1-0"]
[WhiteElo "2496"]
[BlackElo "2134"]
[WhiteFideId "-1"]
[WhiteFideId "-1"]
[PlyCount "45"]
[GameId "2160767912269998"]
[EventDate "1993.09.04"]
[EventType "swiss"]
[EventRounds "5"]
[EventCountry "CAN"]
[SourceTitle "EXT 2022"]
[Source "ChessBase"]
[SourceDate "2021.10.06"]
[SourceVersion "1"]
[SourceVersionDate "2021.10.06"]
[SourceQuality "1"]

1. d4 Nf6 2. c4 e6 3. Nc3 Bb4 4. e3 O-O 5. Bd3 d5 6. Nf3 b6 7. O-O Bb7 8. cxd5 exd5 9. a3 Bd6 10. b4 Nbd7 11. Qb3 c6 12. a4 Qe7 13. Ba3 Rfe8 14. a5 b5 15. Rae1 Ne4 16. Bxe4 dxe4 17. Nd2 Nf6 18. f3 exf3 19. Nxf3 Nd5 20. e4 Nf4 21. e5 Bc7 22. Ne4 Rad8 23. Nfg5 1-0

[Event "Montreal-ch"]
[Site "Montreal CAN"]
[Date "1993.09.06"]
[Round "5"]
[White "Reeve, Jeff"]
[Black "Lesiege, Alexandre"]
[Result "1/2-1/2"]
[WhiteElo "2219"]
[BlackElo "2476"]
[WhiteFideId "-1"]
[WhiteFideId "-1"]
[PlyCount "73"]
[GameId "2160767912270006"]
[EventDate "1993.09.04"]
[EventType "swiss"]
[EventRounds "5"]
[EventCountry "CAN"]
[SourceTitle "EXT 2022"]
[Source "ChessBase"]
[SourceDate "2021.10.06"]
[SourceVersion "1"]
[SourceVersionDate "2021.10.06"]
[SourceQuality "1"]

1. e4 c5 2. Nf3 e6 3. d4 cxd4 4. Nxd4 Nf6 5. Nc3 d6 6. g4 h6 7. g5 hxg5 8. Bxg5 Nc6 9. h4 Qb6 10. Nb3 a6 11. Qd2 Bd7 12. O-O-O O-O-O 13. Be2 Qc7 14. f4 Be7 15. h5 Kb8 16. Bf3 Be8 17. Qe3 Rc8 18. Kb1 Bf8 19. Bh4 Nd7 20. Bf2 Nc5 21. e5 b6 22. Nxc5 dxc5 23. Ne4 Nd4 24. Nd6 Nxf3 25. Nxe8 Qc6 26. Nd6 Bxd6 27. exd6 Nd4 28. d7 Rcd8 29. Qe5+ Kb7 30. Bxd4 f6 31. Qe3 cxd4 32. Qxd4 Rhf8 33. Rh3 Rf7 34. Rhd3 a5 35. a4 Ka6 36. b3 Re7 37. R3d2 1/2-1/2

[Event "Festival gourmands"]
[Site "Asbestos CAN"]
[Date "1993.08.21"]
[Round "2"]
[White "Lesiege, Alexandre"]
[Black "Tremblay, Sylvain"]
[Result "1/2-1/2"]
[WhiteElo "2482"]
[BlackElo "2099"]
[WhiteFideId "-1"]
[WhiteFideId "-1"]
[PlyCount "92"]
[GameId "2160767912270018"]
[EventDate "1993.08.20"]
[EventType "swiss"]
[EventRounds "5"]
[EventCountry "CAN"]
[SourceTitle "EXT 2022"]
[Source "ChessBase"]
[SourceDate "2021.10.06"]
[SourceVersion "1"]
[SourceVersionDate "2021.10.06"]
[SourceQuality "1"]

1. d4 Nf6 2. c4 e6 3. Nc3 Bb4 4. e3 c5 5. Bd3 Nc6 6. Nf3 d5 7. O-O dxc4 8. Bxc4 O-O 9. a3 Bxc3 10. bxc3 Qc7 11. Ba2 e5 12. h3 b6 13. d5 e4 14. dxc6 exf3 15. Qxf3 Ba6 16. c4 Rac8 17. Bb2 Qxc6 18. Qxc6 Rxc6 19. Rfd1 Bc8 20. Bb3 Be6 21. Ba4 Rcc8 22. Bb5 Rcd8 23. Be5 Ne4 24. f3 f6 25. Rxd8 Rxd8 26. Bc7 Rc8 27. Bh2 Nc3 28. Ba6 Rd8 29. Kf1 b5 30. cxb5 Bc4+ 31. Ke1 Bxb5 32. Bxb5 Nxb5 33. Rc1 Nxa3 34. Rxc5 Ra8 35. Kd2 a6 36. e4 Nb5 37. e5 Kf7 38. Ke3 fxe5 39. Bxe5 Re8 40. f4 g6 41. Ke4 Nd6+ 42. Kd5 Nf5 43. g4 Ne7+ 44. Ke4 Rc8 45. Ra5 Rc4+ 46. Kf3 Rc6 1/2-1/2

[Event "Festival gourmands"]
[Site "Asbestos CAN"]
[Date "1993.08.21"]
[Round "3"]
[White "St Amand, Paul Jr"]
[Black "Lesiege, Alexandre"]
[Result "0-1"]
[WhiteElo "2114"]
[BlackElo "2482"]
[WhiteFideId "-1"]
[WhiteFideId "-1"]
[PlyCount "52"]
[GameId "2160767912270024"]
[EventDate "1993.08.20"]
[EventType "swiss"]
[EventRounds "5"]
[EventCountry "CAN"]
[SourceTitle "Echec+ 1993.11"]

1. e4 c5 2. c3 Nf6 3. e5 Nd5 4. d4 cxd4 5. cxd4 e6 6. Nf3 b6 7. Bg5 Be7 8. Bxe7 Qxe7 9. Bd3 Ba6 10. O-O O-O 11. Bxa6 Nxa6 12. Nbd2 f6 13. a3 Nb8 14. Re1 Nc6 15. Rc1 fxe5 16. dxe5 Rf7 17. Rc2 Raf8 18. Ne4 Rxf3 19. gxf3 Nxe5 20. Nd2 Rf5 21. Re4 Nf4 22. Nf1 Qh4 23. Rxe5 Rxe5 24. Rc8+ Kf7 25. Qxd7+ Kg6 26. Qd2 Qg5+ 0-1

[Event "Festival gourmands"]
[Site "Asbestos CAN"]
[Date "1993.08.22"]
[Round "5"]
[White "Schleifer, Michael"]
[Black "Lesiege, Alexandre"]
[Result "1/2-1/2"]
[WhiteElo "2300"]
[BlackElo "2482"]
[WhiteFideId "-1"]
[WhiteFideId "-1"]
[PlyCount "53"]
[GameId "2160767912278230"]
[EventDate "1993.08.20"]
[EventType "swiss"]
[EventRounds "5"]
[EventCountry "CAN"]
[SourceTitle "Echec+ 1993.11"]

1. d4 d5 2. c4 e6 3. Nc3 c6 4. cxd5 exd5 5. Bf4 Bf5 6. e3 Qb6 7. Qd2 Nf6 8. Nge2 h6 9. f3 Nbd7 10. g4 Be6 11. Bg3 O-O-O 12. a3 a5 13. b4 Ne8 14. b5 Bd6 15. Rb1 Qa7 16. Qc2 Nb6 17. bxc6 bxc6 18. Nb5 Bxg3+ 19. Nxg3 Qb7 20. Qc5 Kd7 21. Na7 Qxa7 22. Rxb6 Rc8 23. Ba6 Rc7 24. Bb7 Qxb7 25. Rxb7 Rxb7 26. O-O Rb5 27. Qc2 1/2-1/2

[Event "Interzonal-16"]
[Site "Biel"]
[Date "1993.??.??"]
[Round "9"]
[White "Kakageldyev, Amanmurad"]
[Black "Lesiege, Alexandre"]
[Result "1-0"]
[WhiteElo "2465"]
[BlackElo "2485"]
[WhiteFideId "-1"]
[WhiteFideId "-1"]
[PlyCount "79"]
[GameId "1166637994029056"]
[EventDate "1993.07.16"]
[EventType "swiss"]
[EventRounds "13"]
[EventCountry "SUI"]
[SourceTitle "CBM 037"]
[Source "ChessBase"]
[SourceDate "2004.01.01"]
[SourceVersion "1"]
[SourceVersionDate "2004.01.01"]
[SourceQuality "1"]

1. d4 d5 2. c4 e6 3. Nf3 c6 4. e3 Nf6 5. Nc3 Nbd7 6. Qc2 Bd6 7. g4 Nxg4 8. Rg1 f5 9. h3 Ngf6 10. Rxg7 Ne4 11. Bd2 Nf8 12. Nxe4 fxe4 13. Ne5 Qf6 14. Rg2 Ng6 15. Nxg6 hxg6 16. O-O-O g5 17. Be2 Rxh3 18. Rdg1 Bd7 19. Rxg5 O-O-O 20. Be1 Rh1 21. Rxh1 Qxg5 22. Bf1 Kb8 23. Kb1 Rf8 24. Qd1 Be8 25. a3 Bg6 26. Ka2 e5 27. dxe5 Bxe5 28. cxd5 cxd5 29. Qb3 d4 30. Bb4 Rd8 31. Bc4 d3 32. Bd5 Bc7 33. Bd6 b6 34. Bxc7+ Kxc7 35. Qc4+ Kb8 36. Bxe4 Be8 37. Rh7 Qf6 38. Rb7+ Ka8 39. Rd7+ Kb8 40. Qc7# 1-0

[Event "New York op"]
[Site "New York USA"]
[Date "1993.??.??"]
[Round "1"]
[White "Moskow, Eric"]
[Black "Lesiege, Alexandre"]
[Result "0-1"]
[WhiteElo "2235"]
[BlackElo "2505"]
[WhiteFideId "-1"]
[WhiteFideId "-1"]
[PlyCount "96"]
[GameId "2129405192613535"]
[EventDate "1993.04.07"]
[EventType "swiss"]
[EventRounds "9"]
[EventCountry "USA"]
[SourceTitle "TD 93\03"]

1. c4 c5 2. Nc3 Nc6 3. g3 g6 4. Bg2 Bg7 5. a3 e6 6. Rb1 Nge7 7. b4 d6 8. Nf3 O-O 9. O-O b6 10. bxc5 dxc5 11. Bb2 Bb7 12. Nb5 Bxb2 13. Rxb2 Qd7 14. d3 e5 15. Nd2 Nd4 16. Bxb7 Qxb7 17. Nxd4 exd4 18. a4 Nc6 19. Ne4 Qe7 20. Qd2 f5 21. Ng5 Rae8 22. Nf3 Qd7 23. Qf4 Re7 24. Ra1 Rfe8 25. Kf1 Kg7 26. h4 h6 27. Rab1 Qe6 28. Ra1 Qf6 29. Rab1 Re6 30. Ra1 R8e7 31. Re1 Rd7 32. Kg2 Nb4 33. Ra1 a5 34. Rg1 Rf7 35. Rh1 Qe7 36. Re1 Qe8 37. Kf1 Qxa4 38. g4 Qe8 39. g5 h5 40. Qd2 Rfe7 41. Ra1 Qc6 42. Qd1 Re8 43. Qa4 Qb7 44. Qd1 R6e7 45. Rd2 Qc7 46. Qc1 Qf4 47. Rb2 Qg4 48. Rab1 Qh3+ 0-1

[Event "New York op"]
[Site "New York USA"]
[Date "1993.??.??"]
[Round "3"]
[White "Ehlvest, Jaan"]
[Black "Lesiege, Alexandre"]
[Result "0-1"]
[WhiteElo "2625"]
[BlackElo "2505"]
[WhiteFideId "-1"]
[WhiteFideId "-1"]
[PlyCount "86"]
[GameId "2129405192621827"]
[EventDate "1993.04.07"]
[EventType "swiss"]
[EventRounds "9"]
[EventCountry "USA"]
[SourceTitle "TD 93\03"]

1. d4 d5 2. c4 e6 3. Nc3 c6 4. e3 Nf6 5. Nf3 Nbd7 6. Bd3 dxc4 7. Bxc4 b5 8. Be2 a6 9. e4 b4 10. e5 bxc3 11. exf6 Nxf6 12. bxc3 Bd6 13. Nd2 O-O 14. Bf3 Qc7 15. Nc4 Be7 16. Bg5 Nd5 17. Bxe7 Qxe7 18. Qd2 Rb8 19. O-O c5 20. Bxd5 exd5 21. Rfe1 Be6 22. Ne5 Rfc8 23. Nd3 cxd4 24. cxd4 Rc4 25. Rab1 Rxb1 26. Rxb1 h6 27. Rb8+ Kh7 28. Ne5 Qc7 29. Nxc4 Qxb8 30. Qd3+ g6 31. Ne5 Qb2 32. h4 Qxa2 33. h5 Bf5 34. hxg6+ Bxg6 35. Qe3 Qb1+ 36. Kh2 Qf5 37. f3 a5 38. Ng4 h5 39. Qh6+ Kg8 40. Ne3 Qf6 41. Nxd5 Qh4+ 42. Kg1 Qxd4+ 43. Ne3 a4 0-1

[Event "New York op"]
[Site "New York USA"]
[Date "1993.??.??"]
[Round "4"]
[White "Lesiege, Alexandre"]
[Black "Adianto, Utut"]
[Result "0-1"]
[WhiteElo "2505"]
[BlackElo "2490"]
[WhiteFideId "-1"]
[WhiteFideId "-1"]
[PlyCount "60"]
[GameId "2129405192621907"]
[EventDate "1993.04.07"]
[EventType "swiss"]
[EventRounds "9"]
[EventCountry "USA"]
[SourceTitle "TD 93\03"]

1. c4 Nf6 2. Nc3 c5 3. Nf3 e6 4. d4 cxd4 5. Nxd4 Bb4 6. Bd2 O-O 7. e3 Nc6 8. a3 Be7 9. Be2 d5 10. cxd5 Nxd4 11. exd4 Nxd5 12. Bf3 Nb6 13. Be3 Nc4 14. Qe2 Nxe3 15. fxe3 e5 16. d5 Qb6 17. O-O-O Bg5 18. Kb1 Bxe3 19. Ka1 Bd7 20. d6 Bd4 21. Qd2 Qxd6 22. Bxb7 Rab8 23. Bd5 Be6 24. Bxe6 Qxe6 25. Rc1 Rb3 26. Rc2 Rfb8 27. Rhc1 h6 28. Qe2 f5 29. g3 Kh7 30. Qd2 Qb6 0-1

[Event "New York op"]
[Site "New York USA"]
[Date "1993.??.??"]
[Round "5"]
[White "Lesiege, Alexandre"]
[Black "Fedorowicz, John"]
[Result "0-1"]
[WhiteElo "2505"]
[BlackElo "2535"]
[WhiteFideId "-1"]
[WhiteFideId "-1"]
[PlyCount "90"]
[GameId "2129405192621957"]
[EventDate "1993.04.07"]
[EventType "swiss"]
[EventRounds "9"]
[EventCountry "USA"]
[SourceTitle "TD 93\03"]

1. d4 Nf6 2. c4 g6 3. Nc3 Bg7 4. e4 d6 5. Nf3 O-O 6. Be2 e5 7. O-O Nc6 8. d5 Ne7 9. Ne1 Nd7 10. f3 f5 11. g4 Kh8 12. Be3 Ng8 13. Ng2 f4 14. Bf2 h5 15. g5 Qxg5 16. Bh4 Qh6 17. Nb5 g5 18. Bf2 Ndf6 19. Nxc7 Bh3 20. Nxa8 Rxa8 21. Kh1 h4 22. c5 Nh5 23. cxd6 Ng3+ 24. Kg1 Nf6 25. Be1 g4 26. Qd3 Nxf1 27. Bxf1 gxf3 28. Nxh4 Bxf1 29. Qxf1 Nxe4 30. Qxf3 Nxd6 31. Kh1 Bf6 32. Bb4 Bxh4 33. Bxd6 Qxd6 34. Qh5+ Kg7 35. Rg1+ Bg3 36. hxg3 Qxd5+ 37. Kh2 f3 38. Qg5+ Kf7 39. Qf5+ Ke7 40. Qh7+ Kd6 41. Qh6+ Kc5 42. b4+ Kxb4 43. Rb1+ Ka4 44. Rb3 e4 45. Kh3 Qe5 0-1

[Event "New York op"]
[Site "New York USA"]
[Date "1993.??.??"]
[Round "6"]
[White "Gonzalez Garcia, Jose"]
[Black "Lesiege, Alexandre"]
[Result "0-1"]
[WhiteElo "2330"]
[BlackElo "2505"]
[WhiteFideId "-1"]
[WhiteFideId "-1"]
[PlyCount "76"]
[GameId "2129405192622000"]
[EventDate "1993.04.07"]
[EventType "swiss"]
[EventRounds "9"]
[EventCountry "USA"]
[SourceTitle "TD 93\03"]

1. d4 d5 2. c4 e6 3. Nc3 c6 4. e3 Nf6 5. Nf3 Nbd7 6. Bd3 dxc4 7. Bxc4 b5 8. Be2 b4 9. Na4 Bb7 10. O-O Be7 11. Bd2 O-O 12. Qb3 a5 13. a3 Qb8 14. axb4 axb4 15. Rac1 Ne4 16. Qc2 c5 17. Nxc5 Ndxc5 18. Bxb4 Nb3 19. Bxe7 Nxc1 20. Qxc1 Rc8 21. Qb1 Bd5 22. Bd3 f5 23. b4 Nc3 24. Qe1 Na2 25. Ne5 Qb7 26. Bc5 Bxg2 27. Bc4 Bd5 28. b5 Bxc4 29. Nxc4 Rxc5 30. Nd6 Qf3 31. dxc5 Qg4+ 32. Kh1 Qf3+ 33. Kg1 Ra4 34. e4 Qg4+ 35. Kh1 Qf3+ 36. Kg1 Nc3 37. h3 Ne2+ 38. Kh2 Nf4 0-1

[Event "Laval X"]
[Site "Laval CAN"]
[Date "1993.04.04"]
[Round "4"]
[White "Barbeau, Sylvain"]
[Black "Lesiege, Alexandre"]
[Result "1/2-1/2"]
[WhiteElo "2354"]
[BlackElo "2479"]
[WhiteFideId "-1"]
[WhiteFideId "-1"]
[PlyCount "83"]
[GameId "2160767912279025"]
[EventDate "1993.04.02"]
[EventType "swiss"]
[EventRounds "5"]
[EventCountry "CAN"]
[SourceTitle "EXT 2022"]
[Source "ChessBase"]
[SourceDate "2021.10.06"]
[SourceVersion "1"]
[SourceVersionDate "2021.10.06"]
[SourceQuality "1"]

1. e4 c5 2. Nc3 Nc6 3. g3 g6 4. Bg2 Bg7 5. d3 d6 6. f4 e6 7. Nf3 Nge7 8. O-O O-O 9. Be3 Nd4 10. e5 Nef5 11. Bf2 Nxf3+ 12. Qxf3 Nd4 13. Qd1 dxe5 14. fxe5 Bxe5 15. Ne4 f5 16. Nxc5 Qc7 17. b4 Qg7 18. c3 Nb5 19. Qb3 Bxc3 20. Nxe6 Bxe6 21. Qxe6+ Kh8 22. Rab1 Rad8 23. Kh1 Rfe8 24. Qb3 Rxd3 25. a4 Nd6 26. Rbd1 Rxd1 27. Rxd1 Ne4 28. Bxa7 Bf6 29. a5 Nc3 30. Rf1 Qd7 31. Qc4 Bg7 32. a6 bxa6 33. Qxa6 Re6 34. Bb6 h5 35. Qa8+ Kh7 36. Qa7 Qd2 37. Bc5 Qd3 38. Bf8 Qd4 39. Qxg7+ Qxg7 40. Bxg7 Kxg7 41. Rc1 Kf6 42. Rxc3 1/2-1/2